Score 0/15 Timer 05:00
0 Plays Today
Famous Figure Name of Hurricane % Correct
________ the Terrible was the Grand Prince of Moscow from 1533 until 1584Ivan
88.2%
________ was a nickname for president Dwight EisenhowerIke
85.3%
________ Bowden is best known for her role as Cerie on '30 Rock'Katrina
82.4%
________ Ross is widely credited with making the first American flagBetsy
76.5%
________ Garfield played the title character in the 2012 superhero film 'The Amazing Spider-Man'Andrew
67.6%
________ Chavez is the current president of Venezuela, elected in 1999Hugo
67.6%
________ Cara received a Golden Globe nomination for her role in the 1980 movie 'Fame' Irene
64.7%
________ Rudolph was considered the fastest woman in the world in 1960Wilma
58.8%
Famous Figure Name of Hurricane % Correct
________ Skeeter is a journalist for The Daily Prophet in the Harry Potter seriesRita
58.8%
________ Gottfried is a comedian who also voiced the parrot Iago in the Disney movie 'Aladdin'Gilbert
55.9%
________ Albom is famous for his novels 'Tuesdays with Morrie' and 'The Five People You Meet in Heaven'Mitch
47.1%
________ Klimt was an Austrian symbolist painter famous for works such as 'The Kiss'Gustav
41.2%
________ Fisher is famous for her role as Rose's mother in 'Titanic'Frances
35.3%
________ Koontz is best known for his recurring role as Fat Neil on 'Community'Charley
32.4%
________ Bruckner is an actress whose body of work includes 'The Woods,' 'Blue Car,' and 'Murder By Numbers'Agnes
11.8%
Remove Ads.
Support Sporcle.
Get the best of Sporcle when you Go Orange. This ad-free experience offers more features, more stats, and more fun while also helping to support Sporcle. Thank you for becoming a member.

You're not logged in!

Compare scores with friends on all Sporcle quizzes.
OR
Log In

Show Comments

Extras

Top Quizzes Today


Score Distribution

Your Account Isn't Verified!

In order to create a playlist on Sporcle, you need to verify the email address you used during registration. Go to your Sporcle Settings to finish the process.

Report this User

Report this user for behavior that violates our Community Guidelines.

Details: